000 00965cam a2200265 a 4500
001 000011686
003 OSt
005 20200929162528.0
008 961213s1996 ck a 001 0cspa
020 _a9582810440
040 _aDO-SdBNP
_bspa
_cBNPHU
049 _aEn proceso
082 _annn
_bM828a
100 1 _aMorales Chaves, Hollmann
_d1955-
_927697
245 1 0 _aA puro pulso :
_blos dueños de Jolie de Vogue, Servientrega, Betatonio, OP Gráficas, Taxis 2111111 y otras empresas cuentan cómo lograron sus fortunas partiendo de cero /
_cHollmann Morales.
260 _aSantafé de Bogotá :
_bCírculo de Lectores,
_c1996.
300 _a261 p. :
_bil. ;
_c22 cm.
490 1 _aCrónicas y reportajes
500 _aSubtítulo tomado de la carátula
590 _aInventariado, 2020 / DG
650 4 _aExito en los negocios
_zColombia
_xBiografía
_927698
830 0 _aCronicas y reportajes ;
_927699
910 _aEn catalogaciòn
942 _2ddc
_cLF1
999 _c11371
_d11371